Neurociencia cognitiva / (Registro nro. 6401)

Detalles MARC
000 -CABECERA
campo de control de longitud fija 02610nam a22002654i 4500
001 - NÚMERO DE CONTROL
campo de control Rebiun29552313
003 - IDENTIFICADOR DEL NÚMERO DE CONTROL
campo de control AR-RoIUNI
005 - FECHA Y HORA DE LA ÚLTIMA TRANSACCIÓN
campo de control 20260416082904.0
007 - CAMPO FIJO DE DESCRIPCIÓN FÍSICA--INFORMACIÓN GENERAL
campo de control de longitud fija tz
008 - DATOS DE LONGITUD FIJA--INFORMACIÓN GENERAL
campo de control de longitud fija 160921s2021 sp 000 0 spa c
020 ## - NÚMERO INTERNACIONAL ESTÁNDAR DEL LIBRO
Número Internacional Estándar del Libro 9788498354089
040 ## - FUENTE DE LA CATALOGACIÓN
Centro catalogador/agencia de origen SpMaUCED
Centro/agencia modificador UGR
-- BUAL
Centro/agencia transcriptor
080 ## - NÚMERO DE LA CLASIFICACIÓN DECIMAL UNIVERSAL
Número de la Clasificación Decimal Universal 612.8:159.9
080 ## - NÚMERO DE LA CLASIFICACIÓN DECIMAL UNIVERSAL
Número de la Clasificación Decimal Universal 159.9:612.8
080 ## - NÚMERO DE LA CLASIFICACIÓN DECIMAL UNIVERSAL
Número de la Clasificación Decimal Universal 612.8
100 1# - ENTRADA PRINCIPAL--NOMBRE DE PERSONA
Nombre de persona Redolar Ripoll, Diego
245 10 - MENCIÓN DE TÍTULO
Título Neurociencia cognitiva /
Mención de responsabilidad, etc. Diego Redolar Ripoll, Antoni Valero Cabré
260 ## - PUBLICACIÓN, DISTRIBUCIÓN, ETC. (PIE DE IMPRENTA)
Lugar de publicación, distribución, etc. Madrid :
Nombre del editor, distribuidor, etc. Panamericana,
Fecha de publicación, distribución, etc. 2021
300 ## - DESCRIPCIÓN FÍSICA
Extensión 821 p. :
Otras características físicas il. ;
Dimensiones 29 cm
520 ## - SUMARIO, ETC.
Sumario, etc. SECCIÓN 1. INTRODUCCIÓN A LA NEUROCIENCIA COGNITIVA 1. La mente y el cerebro: historia y principios de la neurociencia cognitiva. 2. Neuronas, redes neuronales y comunicación neural. 3. Introducción a la organización anatómica y funcional del sistema nervioso humano. 4. La exploración de los procesos cognitivos: metodología y técnicas. 5. Actividad espontánea del cerebro: bases de la conectividad funcional. SECCIÓN 2. PLASTICIDAD Y DESARROLLO. 6. Mecanismos celulares y moleculares de la plasticidad cerebral y la cognición. 7. Reserva Cognitiva. 8. Evolución filogenética y desarrollo ontogenético de las funciones cognitivas. SECCIÓN 3. SENSACIÓN, PERCEPCIÓN Y CONTROL DE LA ACCIÓN. 9. Procesamiento sensorial y percepción. 10. Percepción visual. 11. Percepción auditiva. 12. Percepción somatosensorial. 13. Percepción olfativa y gustativa. 14. Control motor y cognición motora. SECCIÓN 4. LA ATENCIÓN, EL APRENDIZAJE Y LA MEMORIA. 15. Atención, procesamiento de la información sensorial y sistemas atencionales. 16. Neurobiología de los sistemas del aprendizaje y memoria. 17. Mecanismos sinápticos y moleculares del aprendizaje y la memoria. SECCIÓN 5. ESPECIALIZACIÓN HEMISFÉRICA Y REPRESENTACIÓN SIMBÓLICA 18. Especialización hemisférica. 19. Lenguaje. 20. Representación numérica. SECCIÓN 6. CONDUCTAS MOTIVADAS Y REGULATORIAS. 21. Sistemas de refuerzo en el cerebro. 22. Conducta sexual, cerebro, cognición y afectividad. 23. Sueño y arousal. SECCIÓN 7. EMOCIONES, COGNICIÓN SOCIAL Y CONTROL EJECUTIVO. 24. Principios de la emoción y la cognición social. 25. El cerebro emocional. 26. La cognición social. 27. Control ejecutivo, toma de decisiones, razonamiento y resolución de problemas. SECCIÓN 8. NUEVAS PROSPECTIVAS EN NEUROCIENCIA COGNITIVA. 28. La conciencia. 29. Neurocomputación y modelización de sistemas cognitivos
650 #7 - PUNTO DE ACCESO ADICIONAL DE MATERIA--TÉRMINO DE MATERIA
Término de materia o nombre geográfico como elemento inicial Neurociencias
650 #7 - PUNTO DE ACCESO ADICIONAL DE MATERIA--TÉRMINO DE MATERIA
Término de materia o nombre geográfico como elemento inicial Conocimiento
700 1# - PUNTO DE ACCESO ADICIONAL--NOMBRE DE PERSONA
Nombre de persona Valero i Cabré, Antoni
942 ## - ELEMENTOS DE PUNTO DE ACCESO ADICIONAL (KOHA)
Fuente del sistema de clasificación o colocación Clasificación Decimal Universal
Tipo de ítem Koha Libros
Existencias
Estado de retiro Estado de pérdida Fuente del sistema de clasificación o colocación Estado dañado Excepción de préstamo Localización permanente Ubicación/localización actual Ubicación en estantería Fecha de adquisición Fuente de adquisición Número de inventario Total de préstamos Signatura topográfica completa Código de barras Fecha visto por última vez Precio válido a partir de Tipo de ítem Koha Nota pública
    Clasificación Decimal Universal     BIBLIOTECA RIOBAMBA BIBLIOTECA RIOBAMBA BIBLIOTECA RIOBAMBA 16/04/2026 Donación 9276   612.8:159.9 RED 9276 16/04/2026 16/04/2026 Libros neurofisiologia